| 000 | 00820nam a22002417a 4500 | ||
|---|---|---|---|
| 005 | 20221109082427.0 | ||
| 008 | 131017t mx ||||| |||| 00| 0 spa d | ||
| 050 | 0 | 4 |
_aBR610 _bJ56 1946 |
| 100 | 1 |
_aJiménez Rueda, Julio _d[1896-1960] |
|
| 245 | 1 | 0 |
_aHerejías y supersticiones en la Nueva España : _b(Los heterodoxos en México) / _cJulio Jiménez Rueda |
| 250 | _a1a ed. | ||
| 260 |
_aMéxico : _bUniversitaria, _c1946 |
||
| 300 |
_axiv, 306 p. ; _c23 cm. |
||
| 490 |
_aMonografías históricas _vNúm. 1 |
||
| 504 | _aBibliografía p. 277-281 | ||
| 504 | _aIndice p. 283-306 | ||
| 650 | 7 |
_2LEMB _aSuperstición |
|
| 650 | 7 |
_2LEMB _aSectas _zMéxico |
|
| 650 | 7 |
_2LEMB _aJudios _zMéxico |
|
| 651 | 7 |
_2LEMB _aMéxico _xHistoria _xIglesia |
|
| 710 | 2 | _aUniversidad Nacional Autónoma de México | |
| 942 |
_2lcc _cLIB |
||
| 999 |
_c43414 _d43414 |
||